[Event "COL-ch U14"]
[Site "Barranquilla"]
[Date "2024.04.13"]
[Round "4"]
[White "Sepulveda Brango, Alberto Enrique"]
[Black "Herrera Jimenez, Mateo"]
[Result "0-1"]
[WhiteElo "1674"]
[BlackElo "1844"]
[PlyCount "116"]
[EventDate "2024.04.11"]
[EventType "swiss"]
[EventRounds "7"]
[EventCountry "COL"]
[SourceTitle "CB18_2024"]
[SourceDate "2024.05.01"]
[SourceVersion "1"]
[SourceVersionDate "2024.05.01"]
[SourceQuality "2"]

1. e4 e6 2. d4 d5 3. e5 c5 4. c3 Bd7 5. Nf3 a6 6. Bd3 Bb5 7. 0-0 Bxd3 8. Qxd3 Nc6 9. a3 c4 10. Qc2 Nge7 11. Re1 Nf5 12. Nbd2 Be7 13. Nf1 g5 14. h3 h5 15. g4 hxg4 16. hxg4 Nh4 17. Nxh4 Rxh4 18. f3 Qb6 19. Kg2 0-0-0 20. Ng3 Rdh8 21. Rh1 Rxh1 22. Nxh1 f6 23. exf6 Bd6 24. Ng3 e5 25. Be3 e4 26. fxe4 Bxg3 27. Kxg3 Qc7+ 28. e5 Nxe5 29. Qf5+ Nd7+ 30. Kg2 Qh2+ 31. Kf1 Qxb2 32. Rb1 Rh1+ 33. Bg1 Qh2 34. Qf2 Qh3+ 35. Qg2 Qd3+ 36. Kf2 Qc2+ 37. Kf3 Qxc3+ 38. Kf2 Qxd4+ 39. Ke2 Qd3+ 40. Kf2 Qd2+ 41. Kf1 Qxg2+ 42. Kxg2 Rh4 43. Be3 Nxf6 44. Rf1 Ne4 45. Rf5 Rxg4+ 46. Kf3 Rg3+ 47. Ke2 c3 48. Rxd5 c2 49. Bb6 Nc3+ 50. Kd2 Nxd5 51. Bd4 Rd3+ 52. Kxc2 Rxd4 53. a4 Rxa4 54. Kb3 Rb4+ 55. Ka2 Kc7 56. Ka1 Kb6 57. Ka2 Kc5 58. Ka3 Kc4 0-1

[Event "COL-ch sf"]
[Site "Pereira"]
[Date "2024.03.29"]
[Round "6"]
[White "Herrera Jimenez, Mateo"]
[Black "Bejarano Urrego, Danny Andres"]
[Result "1-0"]
[WhiteElo "1828"]
[BlackElo "1971"]
[PlyCount "81"]
[EventDate "2024.03.26"]
[EventType "swiss"]
[EventRounds "11"]
[EventCountry "COL"]
[SourceTitle "CB14_2024"]
[SourceDate "2024.04.01"]
[SourceVersion "1"]
[SourceVersionDate "2024.04.01"]
[SourceQuality "1"]

1. e4 e6 2. d4 d5 3. Nc3 Bb4 4. e5 c5 5. a3 Bxc3+ 6. bxc3 Ne7 7. h4 Qa5 8. Bd2 Qa4 9. Nf3 b6 10. h5 h6 11. dxc5 bxc5 12. Rh4 c4 13. Rg4 Nf5 14. Nd4 0-0 15. Qc1 Nd7 16. Bxh6 Nxe5 17. Nxf5 exf5 18. Rxg7+ Kh8 19. Rg3 Ng4 20. Bxf8 Qe8+ 21. Be2 Qxf8 22. Bxg4 fxg4 23. Qd2 Be6 24. Qd4+ Kh7 25. Re3 Qh6 26. Re5 Rb8 27. Qxa7 Rb2 28. Qe3 Qf6 29. Qg5 Qxg5 30. Rxg5 Rxc2 31. a4 Kh6 32. Re5 g3 33. Re2 gxf2+ 34. Kxf2 Rxc3 35. a5 Bd7 36. a6 Bc6 37. a7 d4 38. a8Q Bxa8 39. Rxa8 d3 40. Rd2 Rc1 41. Rc8 1-0

[Event "COL-ch sf"]
[Site "Pereira"]
[Date "2024.03.28"]
[Round "5"]
[White "Narvaez, Zamir Alexis"]
[Black "Herrera Jimenez, Mateo"]
[Result "1-0"]
[WhiteElo "2032"]
[BlackElo "1828"]
[PlyCount "79"]
[EventDate "2024.03.26"]
[EventType "swiss"]
[EventRounds "11"]
[EventCountry "COL"]
[SourceTitle "CB14_2024"]
[SourceDate "2024.04.01"]
[SourceVersion "1"]
[SourceVersionDate "2024.04.01"]
[SourceQuality "1"]

1. e4 e5 2. Nf3 Nc6 3. c3 d5 4. Qa4 dxe4 5. Nxe5 Qd5 6. Nxc6 bxc6 7. Bc4 Qd6 8. 0-0 Nf6 9. d4 Be7 10. Bf4 Qxf4 11. Qxc6+ Nd7 12. Qxa8 Nb6 13. Bb5+ Kd8 14. Qxa7 h5 15. g3 Qg5 16. Bc6 f5 17. c4 Rh6 18. h4 Qg4 19. c5 Rxc6 20. cxb6 Rxb6 21. Qa5 Bb7 22. d5 Bxh4 23. Qe1 Rg6 24. Nc3 Ba6 25. Qd1 Qg5 26. Ne2 Qg4 27. Nd4 Qh3 28. Ne6+ Ke7 29. Nf4 Rxg3+ 30. fxg3 Qxg3+ 31. Ng2 Bg5 32. Qe1 Qg4 33. Qc3 Kd8 34. d6 cxd6 35. Rad1 Be7 36. Qa5+ Kd7 37. Qxa6 f4 38. Qb7+ Ke8 39. Qc6+ Kf7 40. Rxf4+ 1-0

[Event "ARG-ch U18"]
[Site "Ibague"]
[Date "2024.03.14"]
[Round "1"]
[White "Brinez Bernal, Juan Fernando"]
[Black "Herrera Jimenez, Mateo"]
[Result "0-1"]
[WhiteElo "1474"]
[BlackElo "1828"]
[PlyCount "68"]
[EventDate "2024.03.14"]
[EventType "swiss"]
[EventRounds "7"]
[EventCountry "COL"]
[SourceTitle "CB12_2024"]
[SourceDate "2023.10.01"]
[SourceVersion "1"]
[SourceVersionDate "2023.10.01"]
[SourceQuality "1"]

1. e4 e5 2. Nf3 Nc6 3. Bb5 g6 4. d3 Bg7 5. c3 a6 6. Ba4 Nge7 7. Be3 0-0 8. 0-0 d6 9. Nbd2 h6 10. Qc2 f5 11. exf5 gxf5 12. Bxc6 Nxc6 13. Nb3 f4 14. Bd2 Bg4 15. Kh1 Rf5 16. d4 Rh5 17. Qe4 d5 18. Qg6 Bxf3 19. gxf3 Qh4 20. Qe6+ Kh8 21. h3 exd4 22. cxd4 Bxd4 23. Nxd4 Rg8 24. Bxf4 Qxh3+ 25. Qxh3 Rxh3+ 26. Bh2 Nxd4 27. Rg1 Rxh2+ 28. Kxh2 Nxf3+ 29. Kh1 Rxg1+ 30. Rxg1 Nxg1 31. Kxg1 Kg7 32. Kg2 Kf6 33. Kf3 Kf5 34. Ke3 h5 0-1

[Event "Medellin de La Raza U2000 op"]
[Site "Medellin"]
[Date "2023.10.16"]
[Round "8"]
[White "Barrera Pinilla, Nicolas"]
[Black "Herrera Jimenez, Mateo"]
[Result "0-1"]
[WhiteElo "1419"]
[BlackElo "1595"]
[PlyCount "56"]
[EventDate "2023.10.12"]
[EventType "swiss"]
[EventRounds "9"]
[EventCountry "COL"]
[SourceTitle "Mega2024 Update 01"]
[Source "Chessbase"]
[SourceDate "2023.11.12"]
[SourceVersion "1"]
[SourceVersionDate "2023.11.12"]
[SourceQuality "1"]

1. e4 e5 2. Nf3 Nc6 3. Bb5 g6 4. 0-0 Bg7 5. c3 a6 6. Ba4 Nge7 7. d4 exd4 8. cxd4 b5 9. Bb3 0-0 10. Bf4 d6 11. Nc3 Bg4 12. d5 Nd4 13. Qd3 Bxf3 14. gxf3 Qd7 15. Kg2 f5 16. Be3 Nxf3 17. Rh1 Ne5 18. Qc2 f4 19. Bd4 Qg4+ 20. Kf1 Qh3+ 21. Ke2 Qg4+ 22. Kf1 Qh3+ 23. Ke2 c5 24. dxc6+ Kh8 25. Rag1 N7xc6 26. Bxe5 dxe5 27. Qd3 Nd4+ 28. Ke1 Qxd3 0-1

[Event "Medellin de La Raza U2000 op"]
[Site "Medellin"]
[Date "2023.10.15"]
[Round "7"]
[White "Herrera Jimenez, Mateo"]
[Black "Iral Castro, Brahiam"]
[Result "0-1"]
[WhiteElo "1595"]
[BlackElo "1846"]
[PlyCount "52"]
[EventDate "2023.10.12"]
[EventType "swiss"]
[EventRounds "9"]
[EventCountry "COL"]
[SourceTitle "Mega2024 Update 01"]
[Source "Chessbase"]
[SourceDate "2023.11.12"]
[SourceVersion "1"]
[SourceVersionDate "2023.11.12"]
[SourceQuality "1"]

1. d4 Nf6 2. c4 e6 3. Nc3 Bb4 4. e3 0-0 5. Nge2 d5 6. a3 Bxc3+ 7. Nxc3 b6 8. cxd5 exd5 9. Bd3 Bb7 10. 0-0 Nbd7 11. Re1 Re8 12. Qf3 Ne4 13. Qh3 Re6 14. Nxe4 dxe4 15. Bb5 c6 16. Bc4 Rh6 17. Qf5 Nf6 18. Bd2 Qc7 19. Qf4 Qd7 20. Rad1 Re8 21. Bb4 Rg6 22. Kh1 a5 23. Bc3 Rg4 24. Qe5 Rxe5 25. dxe5 Nd5 26. f3 exf3 0-1

[Event "Bucaramanga op"]
[Site "Bucaramanga"]
[Date "2023.09.10"]
[Round "9"]
[White "Rivera Suarez, Cesar Dario"]
[Black "Herrera Jimenez, Mateo"]
[Result "1/2-1/2"]
[WhiteElo "1791"]
[BlackElo "1553"]
[PlyCount "42"]
[EventDate "2023.09.06"]
[EventType "swiss"]
[EventRounds "9"]
[EventCountry "COL"]
[SourceTitle "EXT 2024"]
[Source "ChessBase"]
[SourceDate "2023.10.10"]
[SourceVersion "1"]
[SourceVersionDate "2023.10.10"]
[SourceQuality "1"]

1. e4 c5 2. Nf3 e6 3. d4 cxd4 4. Nxd4 a6 5. c4 Nf6 6. Nc3 Qc7 7. a3 b6 8. g3 Bb7 9. Bg2 Qxc4 10. Be3 Qc7 11. 0-0 Be7 12. Rc1 Nc6 13. Nd5 exd5 14. exd5 Nxd5 15. Bxd5 0-0 16. Nf5 Bf6 17. Qg4 Qb8 18. Rxc6 Bxc6 19. Nxg7 Kh8 20. Nh5 Rg8 21. Qf5 Bxb2 1/2-1/2

[Event "Bucaramanga op"]
[Site "Bucaramanga"]
[Date "2023.09.07"]
[Round "4"]
[White "Herrera Jimenez, Mateo"]
[Black "Quintero, Raul"]
[Result "1/2-1/2"]
[WhiteElo "1553"]
[BlackElo "1775"]
[PlyCount "47"]
[EventDate "2023.09.06"]
[EventType "swiss"]
[EventRounds "9"]
[EventCountry "COL"]
[SourceTitle "EXT 2024"]
[Source "ChessBase"]
[SourceDate "2023.10.10"]
[SourceVersion "1"]
[SourceVersionDate "2023.10.10"]
[SourceQuality "1"]

1. e4 c5 2. c3 d5 3. exd5 Qxd5 4. d4 cxd4 5. cxd4 Nc6 6. Nf3 Bg4 7. Be2 e6 8. 0-0 Nf6 9. Nc3 Qd8 10. Be3 Be7 11. Qb3 Rb8 12. Rfd1 0-0 13. d5 Nxd5 14. Nxd5 exd5 15. Rxd5 Qc8 16. Qa4 Be6 17. Rdd1 a6 18. Rac1 Rd8 19. Nd4 Bd5 20. h3 g6 21. Rc3 Qd7 22. Nxc6 bxc6 23. Rc2 Qe6 24. b3 1/2-1/2

[Event "COL-ch"]
[Site "Cartagena"]
[Date "2023.06.08"]
[Round "2"]
[White "Tovio, Israel"]
[Black "Herrera Jimenez, Mateo"]
[Result "1-0"]
[WhiteElo "2256"]
[BlackElo "1344"]
[PlyCount "35"]
[EventDate "2023.06.08"]
[EventType "swiss"]
[EventRounds "9"]
[EventCountry "COL"]
[SourceTitle "CBM 215 Extra"]
[Source "ChessBase"]
[SourceDate "2023.09.30"]
[SourceVersion "1"]
[SourceVersionDate "2023.09.30"]
[SourceQuality "1"]

1. e4 c5 2. Nf3 e6 3. d3 Nc6 4. g3 g6 5. Bg2 Bg7 6. 0-0 Nf6 7. Re1 0-0 8. e5 Nd5 9. c4 Nde7 10. Nc3 a6 11. Bf4 Nf5 12. Ne4 b6 13. g4 Nfd4 14. Nxd4 cxd4 15. Bg5 Qc7 16. Nf6+ Kh8 17. Qf3 h6 18. Qh3 1-0